000 00437cam a22001457a 4500
008 180718b1921 xxu||||| |||| 00| 0 eng d
082 _aA99 M474/M721
100 _aModi, H.P.
245 _aSir Pherozeshah Mehta; a political biography
_cby H.P. Modi
260 _aBombay
_bTimes Press
_c1921
300 _a2v.
500 _av.2.(1897-1915).p.387-698. Rs.8.00
650 _aNationalism - India
650 _aMehta Sir Pheroz Sha 1845-1915
999 _c374055
_d374055